000 00378cam a2200157ua 4500
020 _cRs.2/-
041 _ahin
_h
082 _a891.43
_bGAN/SA
100 _aGandhji, .
245 _aSachi shiksha /
_cGandhji.
_hTextual Documents
260 _a :
_bNavjeevan prakashan mandir ,
_c1950.
300 _a283 ; .
365 _aRs.2/-
504 _a
999 _c12177
_d12177